TOP 10 COUNTRIES WITH BIGGEST COTTON PRODUCTION - Statistics

General Stats
  • This quiz has been taken 70 times
  • The average score is 7 of 10
Answer Stats
Hint Answer % Correct
1 China
95%
3 United States
95%
2 India
92%
5 Brazil
89%
4 Pakistan
82%
7 Australia
63%
8 Turkey
62%
10 Greece
32%
6 Uzbekistan
28%
9 Turkmenistan
23%
No matching quizzes found
Score Distribution
Percent of People with Each Score
Percentile by Number Answered
Your Score History
You have not taken this quiz